000 00710nam a2200229 a 4500
001 000003458
005 20240710114449.0
008 090709s2008 dr r 000 f spa d
020 _a9789945162578
040 _aDO-SdBNP
_bspa
_cBNPHU
082 _aRD861.44
_aC352s, 2008
100 1 _aCastillo Javier, Gerardo,
_d1963-
_91677
245 1 0 _aSalmos apócrifos /
_cGerardo Castillo Javier.
250 _a3a ed.
260 _aSanto Domingo :
_bDragón,
_c2008.
300 _a43 p. ;
_c21 cm.
500 _aIncluye notas al pie de las páginas
590 _aInventariado, 2018/BT
650 0 _aPoesía dominicana
_966
650 0 _aLiteratura dominicana.
_967
910 _aValidado. Control de calidad. MMOLINA
999 _c3288
_d3288